000 00376nam a2200145Ia 4500
008 230917s9999||||xx |||||||||||||| ||und||
040 _e53984
_aMAIN
041 _aEnglish
082 _a352.054 S77B
100 _aSurana, Raj Kumari
245 0 _aBharat mein loktantra vikendrikaran our nav panchayat raj
260 _aJaipur
_bRaj
_c2000
300 _a237 p.
942 _cBK
999 _c112075
_d112075